[Event "Lisbon Portugal rapid op"]
[Site "Lisbon"]
[Date "2019.02.10"]
[Round "8"]
[White "Santos, Micael Costa"]
[Black "Ferreira, Hugo Miguel da Cost"]
[Result "1-0"]
[WhiteElo "1899"]
[BlackElo "2136"]
[PlyCount "99"]
[EventDate "2019.02.10"]
[EventType "swiss (rapid)"]
[EventRounds "8"]
[EventCountry "POR"]
[SourceTitle "CBM 188 Extra"]
[Source "ChessBase"]
[SourceDate "2019.02.26"]
[SourceVersion "1"]
[SourceVersionDate "2019.02.26"]
[SourceQuality "1"]

1. e4 c5 2. c3 d5 3. exd5 Qxd5 4. Nf3 Nc6 5. Na3 e5 6. Bc4 Qd8 7. 0-0 Bd6 8. d3 h6 9. Be3 Nf6 10. Nb5 Be7 11. h3 a6 12. Na3 b5 13. Bb3 0-0 14. Qe2 Qc7 15. Bc2 Bb7 16. Nb1 Rad8 17. Nbd2 Rfe8 18. Rac1 Nd5 19. a3 Bd6 20. Ne4 Nce7 21. Rfd1 Ng6 22. Qd2 Bf8 23. Ng3 Ndf4 24. d4 Bxf3 25. gxf3 Nxh3+ 26. Kh1 Ngf4 27. Bxf4 Nxf4 28. Rg1 Qc6 29. Be4 Qf6 30. Nf5 Kh8 31. Rg4 Nh3 32. Rcg1 Nxg1 33. Kxg1 exd4 34. cxd4 cxd4 35. Kg2 d3 36. Ne3 Qe5 37. Nf5 Re6 38. Ng3 g6 39. f4 Qc5 40. f5 Qc2 41. Qxc2 dxc2 42. Bxc2 Re5 43. fxg6 fxg6 44. Rxg6 Rd2 45. Bb3 Bg7 46. Rxa6 Rxb2 47. Ra8+ Kh7 48. Bg8+ Kg6 49. Ra7 Bf6 50. Bf7+ 1-0

[Event "Guimaraes 2nd"]
[Site "Guimaraes"]
[Date "2018.10.07"]
[Round "7"]
[White "Cimpean, Andra"]
[Black "Ferreira, Hugo Miguel da Cost"]
[Result "0-1"]
[WhiteElo "1867"]
[BlackElo "2130"]
[PlyCount "122"]
[EventDate "2018.10.04"]
[EventType "swiss"]
[EventRounds "7"]
[EventCountry "POR"]
[SourceTitle "CBM 186 Extra"]
[Source "ChessBase"]
[SourceDate "2018.08.24"]
[SourceVersion "1"]
[SourceVersionDate "2018.08.24"]
[SourceQuality "1"]

1. e4 c6 2. d4 d5 3. Nc3 dxe4 4. Nxe4 Nf6 5. Nxf6+ gxf6 6. c3 e5 7. Be3 Be6 8. Bd3 Nd7 9. Nf3 Qc7 10. Nh4 0-0-0 11. Nf5 h5 12. Qa4 Nc5 13. dxc5 Rxd3 14. Nd6+ Bxd6 15. cxd6 Qxd6 16. Qxa7 Rd8 17. 0-0 Qb8 18. Qxb8+ Kxb8 19. a4 Bc4 20. Rfe1 R8d5 21. g3 Kc7 22. a5 Rb5 23. Ra4 Bb3 24. Rh4 Bd1 25. b4 Rbd5 26. c4 Rd7 27. Kg2 Rb3 28. Bb6+ Kc8 29. h3 Bf3+ 30. Kh2 Rdd3 31. g4 hxg4 32. hxg4 Kd7 33. Bc5 Ke6 34. Rh8 Bxg4 35. Re8+ Kf5 36. Re7 Rd8 37. Rxb7 Rh8+ 38. Kg2 Bf3+ 39. Kg3 Be2+ 40. Be3 Bxc4 41. Ra1 Bb5 42. a6 Rxb4 43. f3 Rg8+ 44. Kh3 Ra8 45. Rb6 Ra4 46. Rxa4 Bxa4 47. a7 Rxa7 48. Rxc6 Bxc6 49. Bxa7 Bxf3 50. Kg3 Ke4 51. Kf2 f5 52. Bb8 Bh5 53. Bc7 f4 54. Bb8 f5 55. Bc7 f3 56. Bb8 f4 57. Bc7 Kf5 58. Bb6 e4 59. Bc5 e3+ 60. Kf1 Bf7 61. Kg1 f2+ 0-1

[Event "Guimaraes 2nd"]
[Site "Guimaraes"]
[Date "2018.10.07"]
[Round "6"]
[White "Ferreira, Hugo Miguel da Cost"]
[Black "Calzada Cruz, Osvaldo"]
[Result "1-0"]
[WhiteElo "2130"]
[BlackElo "1752"]
[PlyCount "73"]
[EventDate "2018.10.04"]
[EventType "swiss"]
[EventRounds "7"]
[EventCountry "POR"]
[SourceTitle "CBM 186 Extra"]
[Source "ChessBase"]
[SourceDate "2018.08.24"]
[SourceVersion "1"]
[SourceVersionDate "2018.08.24"]
[SourceQuality "1"]

1. d4 e6 2. Nf3 Nf6 3. Bf4 Bb4+ 4. c3 Bd6 5. Bg5 h6 6. Bh4 b6 7. Nbd2 Bb7 8. Qb1 g5 9. Bg3 Qe7 10. b4 Nd5 11. Qb2 Bxg3 12. hxg3 Nc6 13. e4 Nf6 14. Nxg5 Ng4 15. Nh3 f5 16. Be2 a5 17. bxa5 Nxa5 18. 0-0 h5 19. exf5 exf5 20. Rfe1 Be4 21. f3 Qd6 22. fxe4 Qxg3 23. Nf1 Qh4 24. exf5 0-0-0 25. Bf3 d5 26. Nf4 Nc4 27. Qb5 Qf2+ 28. Kh1 Qh4+ 29. Nh3 Nf2+ 30. Kh2 Ng4+ 31. Kg1 Nf6 32. Bxd5 Nxd5 33. Qxc4 Rhg8 34. Qd3 Rg4 35. Qf3 Rdg8 36. Re2 Rf4 37. Qxd5 1-0

[Event "Guimaraes 2nd"]
[Site "Guimaraes"]
[Date "2018.10.04"]
[Round "1"]
[White "Oliveira, Antonio1111"]
[Black "Ferreira, Hugo Miguel da Cost"]
[Result "0-1"]
[WhiteElo "1334"]
[BlackElo "2130"]
[PlyCount "52"]
[EventDate "2018.10.04"]
[EventType "swiss"]
[EventRounds "7"]
[EventCountry "POR"]
[SourceTitle "CBM 186 Extra"]
[Source "ChessBase"]
[SourceDate "2018.08.24"]
[SourceVersion "1"]
[SourceVersionDate "2018.08.24"]
[SourceQuality "1"]

1. d4 Nf6 2. c4 c5 3. Nc3 cxd4 4. Qxd4 Nc6 5. Qd1 d6 6. Nf3 g6 7. e3 Bg7 8. Be2 0-0 9. 0-0 Nd7 10. Qc2 Nc5 11. a3 a5 12. Bd2 a4 13. Rab1 Bd7 14. Nb5 Bf5 15. Qd1 Bxb1 16. Qxb1 Nb3 17. Bc3 Bxc3 18. Nxc3 Qa5 19. Nb5 Rfd8 20. h4 Rac8 21. h5 Ne5 22. Qe4 Nxf3+ 23. Bxf3 Nd2 24. Qxe7 Re8 25. Qf6 Re6 26. Qd4 Rxc4 0-1